[Event "TCh-NOR Qualifier"]
[Site "NOR"]
[Date "2002.??.??"]
[Round "9"]
[White "Tallaksen,G"]
[Black "Ostenstad,B"]
[Result "0-1"]
[WhiteElo "2235"]
[BlackElo "2438"]

1.d4 Nf6 2.c4 e6 3.Nf3 d5 4.Nc3 c6 5.e3 Nbd7 6.Bd3 dxc4 7.Bxc4 b5 8.Bd3 Bb7
9.e4 b4 10.Na4 c5 11.e5 Nd5 12.O-O cxd4 13.Nxd4 Be7 14.Re1 O-O 15.Qg4 Re8
16.Bh6 Bf8 17.Rac1 Rc8 18.Rxc8 Qxc8 19.Nb5 Qb8 20.Nd6 Nxe5 21.Rxe5 Qxd6 22.Rg5 g6
23.Bxf8 Kxf8 24.Qd4 Rc8 25.Bc4 Qf4 26.Qxf4 Nxf4 27.b3 Bd5 28.Nb2 f6 29.Rg4 g5
30.Kf1 Rd8 31.Rg3 Bxg2+ 32.Ke1 Be4 33.Re3 Ng2+  0-1

[Event "45th It"]
[Site "Reggio Emilia ITA"]
[Date "2003.01.01"]
[Round "4"]
[White "Iotti,P"]
[Black "Castaldo,F"]
[Result "1/2-1/2"]
[WhiteElo "2314"]
[BlackElo "2338"]

1.d4 Nf6 2.Nf3 d5 3.c4 e6 4.Nc3 c6 5.e3 Nbd7 6.Qc2 Bd6 7.b3 O-O 8.Be2 a6
9.O-O e5 10.cxd5 cxd5 11.dxe5 Nxe5 12.Bb2 Be6 13.Rfd1 Rc8 14.Qd2  1/2-1/2

[Event "45th It"]
[Site "Reggio Emilia ITA"]
[Date "2003.01.02"]
[Round "5"]
[White "Castaldo,F"]
[Black "Vezzosi,P"]
[Result "0-1"]
[WhiteElo "2338"]
[BlackElo "2394"]

1.Nf3 d5 2.d4 Nf6 3.c4 e6 4.Nc3 c6 5.e3 Nbd7 6.Bd3 Bd6 7.e4 dxe4 8.Nxe4 Nxe4
9.Bxe4 Bb4+ 10.Bd2 Qa5 11.O-O Bxd2 12.Nxd2 O-O 13.Qc2 Nf6 14.c5 Qc7 15.Nf3 Rd8
16.Rad1 b6 17.Rfe1 Bb7 18.Bd3 bxc5 19.dxc5 Rd5 20.b4 a5 21.a3 Ba6 22.Bxa6 Rxa6
23.Rxd5 Nxd5 24.Qc4 Qb7 25.g3 axb4 26.axb4 Ra4 27.Qh4 g6 28.Qd8+ Kg7 29.Ng5 h6
30.Ne4 Qxb4 31.Re2 Qb1+  0-1

[Event "35th Open"]
[Site "Trinec CZE"]
[Date "2003.01.02"]
[Round "7"]
[White "Michenka,J"]
[Black "Splosnov,S"]
[Result "1/2-1/2"]
[WhiteElo "2346"]
[BlackElo "2384"]

1.d4 d5 2.c4 e6 3.Nc3 c6 4.e3 Nf6 5.Nf3 Nbd7 6.Bd3 dxc4 7.Bxc4 b5 8.Bd3 b4
9.Ne4 Bb7 10.Nxf6+ Nxf6 11.e4 Be7 12.Bg5 O-O 13.O-O c5 14.Bxf6 Bxf6 15.e5 Be7
16.dxc5 Rc8 17.Rc1 Qa5 18.Nd4 Bxc5 19.Nb3 Qb6 20.Qh5 g6 21.Qh4 Rc7 22.Be4 Bxe4
23.Qxe4 Rfc8 24.Qf4 Be7 25.Rxc7 Rxc7 26.Rc1 a5 27.g3 Rxc1+ 28.Nxc1 Qc6 29.Qd2 Qe4
30.Nd3 Qd5 31.b3 Qd4 32.Kg2 Kg7 33.Qe2 Bd8 34.Nb2 Bc7 35.Nc4 Kg8  1/2-1/2

[Event "ch-NZL"]
[Site "Wanganui NZL"]
[Date "2003.01.07"]
[Round "7"]
[White "Van der Hoorn,M"]
[Black "Guthrie,D"]
[Result "1/2-1/2"]
[WhiteElo "2143"]
[BlackElo "2160"]

1.d4 d5 2.c4 c6 3.Nc3 Nf6 4.Nf3 e6 5.e3 Nbd7 6.Bd3 dxc4 7.Bxc4 b5 8.Bd3 a6
9.O-O Bb7 10.e4 c5 11.d5 c4 12.dxe6 fxe6 13.Bc2 Qc7 14.Ng5 Nc5 15.e5 Qxe5
16.Re1 Qd6 17.Be3 Qc6 18.f3 Bd6 19.Nce4 Nfxe4 20.Nxe4 Rd8 21.Qe2 O-O 22.Nxc5 Bxc5
23.Be4 Qb6 24.Bxb7 Bxe3+ 25.Qxe3 Qxb7 26.Qxe6+ Kh8  1/2-1/2

[Event "Troll Masters"]
[Site "Gausdal NOR"]
[Date "2003.01.10"]
[Round "4"]
[White "Tallaksen,G"]
[Black "Stokke,K"]
[Result "1-0"]
[WhiteElo "2258"]
[BlackElo "2136"]

1.d4 d5 2.Nf3 Nf6 3.e3 c6 4.c4 e6 5.Nc3 Nbd7 6.Qc2 Bd6 7.Bd3 dxc4 8.Bxc4 b5
9.Be2 Bb7 10.O-O O-O 11.Rd1 Qc7 12.Bd2 Rac8 13.b4 a6 14.a3 e5 15.h3 exd4
16.exd4 Nb6 17.Ng5 Rfe8 18.Bf3 Nc4 19.Nce4 Nxe4 20.Nxe4 Rcd8 21.Bc3 Bf8 22.Re1 Bc8
23.Ng5 g6 24.Ne4 Bg7 25.d5 Rxe4 26.Bxe4 cxd5 27.Bxg7 Kxg7 28.Bd3 Be6 29.Rad1 Qb6
30.Qc3+ d4 31.Qa1 Kg8 32.Re4 Bf5 33.Re2 Be6 34.Re4 Bf5 35.Re2 Be6 36.Qc1 a5
37.Re4 Bf5 38.Re2 Bxd3 39.Rxd3 a4 40.Re4 f5 41.Re1 Qf6 42.Qf4 Nb2 43.Rd2 Nc4
44.Rde2 d3 45.Re8+ Rxe8 46.Rxe8+ Kf7 47.Ra8 Qe7 48.Qd4 d2 49.Qd5+ Kf6 50.Qd4+ Kf7
51.Rd8 Nb2 52.Qxd2  1-0

[Event "Troll Masters"]
[Site "Gausdal NOR"]
[Date "2003.01.10"]
[Round "4"]
[White "Harestad,H"]
[Black "Ask,J"]
[Result "0-1"]
[WhiteElo "2236"]
[BlackElo "2128"]

1.d4 d5 2.c4 c6 3.Nf3 Nf6 4.Nc3 e6 5.e3 Nbd7 6.Qc2 Bd6 7.e4 dxe4 8.Nxe4 Nxe4
9.Qxe4 c5 10.Bd2 Nf6 11.Qc2 b6 12.O-O-O Bb7 13.dxc5 bxc5 14.Bc3 Qc7 15.Bd3 Bxf3
16.gxf3 Bxh2 17.Be4 Nxe4 18.Qxe4 O-O 19.Kb1 Rfd8 20.Rdg1 g6 21.Qh4 Be5 22.Qxh7+ Kf8
23.Qh6+ Ke8 24.Qe3 Bxc3 25.Qxc3 Ke7 26.Rxg6 Qf4 27.Rg7 Rab8 28.Qc1 Rd2 29.Rg4 Rdxb2+
30.Qxb2 Rxb2+ 31.Kxb2 Qxf3 32.Rhg1 Qxf2+ 33.Kb3 Qe3+ 34.Kb2 e5 35.R1g2 e4
36.Rc2 Qd4+ 37.Kb3 f5 38.Rg6 Qd3+ 39.Kb2 Qd4+ 40.Kb3 Kf7 41.Ra6 Qd7 42.Rh6 Qb7+  0-1

[Event "Bundesliga 2002-3"]
[Site "Erfurt GER"]
[Date "2003.01.11"]
[Round "8"]
[White "Bischoff,K"]
[Black "Gabriel,Ch"]
[Result "1/2-1/2"]
[WhiteElo "2564"]
[BlackElo "2569"]

1.c4 c6 2.d4 d5 3.e3 Nf6 4.Nc3 e6 5.Nf3 Nbd7 6.Qc2 Bd6 7.b3 O-O 8.Be2 e5
9.Bb2 exd4 10.Nxd4 dxc4 11.Bxc4 Ne5 12.Be2 Qe7 13.h3 Ng6 14.O-O-O Ba3 15.Bxa3 Qxa3+
16.Kb1 a5 17.g4 Qb4 18.Qb2 Be6 19.Rc1 Ne7 20.Rhd1 Ned5 21.Na4 Qe7 22.Bf3 Nd7
23.Bxd5 Bxd5 24.Nc3 Be6 25.Nxe6 Qxe6 26.Rd4 Nb6 27.Rcd1 h6 28.Qc2 Rfe8 29.Kb2 Qe7
30.Ne4 Nd5 31.Nc3 Nb6 32.Ne4 Nd5 33.Nc3 Nb6  1/2-1/2

[Event "TCh-BEL 2002-3"]
[Site "Belgium BEL"]
[Date "2003.01.12"]
[Round "6"]
[White "Kadimova,I"]
[Black "De Wit,M"]
[Result "1-0"]
[WhiteElo "2364"]
[BlackElo "2308"]

1.d4 Nf6 2.c4 e6 3.Nf3 d5 4.Nc3 c6 5.e3 Nbd7 6.Bd3 dxc4 7.Bxc4 b5 8.Bd3 b4
9.Na4 c5 10.e4 cxd4 11.e5 Nd5 12.O-O Qa5 13.Re1 Nc5 14.Nxc5 Bxc5 15.Qe2 Bd7
16.Ng5 Be7 17.Qh5 g6 18.Qf3 O-O 19.Qh3 Bxg5 20.Bxg5 f6 21.exf6 Nxf6 22.Qh4 Nh5
23.Bh6 Rfd8 24.g4 Ng7 25.Qf6  1-0

[Event "TCh-BEL 2002-3"]
[Site "Belgium BEL"]
[Date "2003.01.12"]
[Round "6"]
[White "Chabanon,JL"]
[Black "Feygin,M"]
[Result "1/2-1/2"]
[WhiteElo "2481"]
[BlackElo "2495"]

1.d4 d5 2.c4 e6 3.Nf3 c6 4.e3 Nf6 5.Nc3 Nbd7 6.Qc2 Bd6 7.Be2 O-O 8.O-O dxc4
9.Bxc4 a6 10.Rd1 c5 11.dxc5 Bxc5 12.Ne4 Nxe4 13.Qxe4 Nf6 14.Rxd8 Nxe4 15.Rxf8+ Bxf8
16.Bd3 Nc5 17.Be2 b5 18.Bd2 Bb7 19.Rc1 f6 20.Ne1 Rd8 21.Ba5 Rd7 22.b3 g6  1/2-1/2

[Event "Bundesliga 2002-3"]
[Site "Erfurt GER"]
[Date "2003.01.12"]
[Round "9"]
[White "Duppel,M"]
[Black "Mueller,Matt"]
[Result "1/2-1/2"]
[WhiteElo "2440"]
[BlackElo "2395"]

1.Nf3 d5 2.c4 e6 3.d4 Nf6 4.Nc3 c6 5.e3 Nbd7 6.Qc2 Bd6 7.Bd3 O-O 8.O-O dxc4
9.Bxc4 b5 10.Be2 Bb7 11.Bd2 Rc8 12.Ne4 Nxe4 13.Qxe4 Nf6 14.Qh4 c5 15.Rfd1 c4
16.Be1 Qc7 17.a4 a6 18.Rdc1 Qb8 19.axb5 axb5 20.Ra5 Bd5 21.Ne5 Bc7 22.Raa1 Bxe5
23.dxe5 Qxe5 24.Bc3 Qe4 25.Qg3 Qg6 26.f3 Qxg3 27.hxg3 Ra8 28.e4 Bb7 29.Kf2 Nd7
30.Ke3 Nc5 31.Bb4 Nb3 32.Rxa8 Rxa8 33.Rd1 Bc6 34.Rd6 Rc8 35.Bd1 Be8 36.Bxb3 cxb3
37.Rd3 f6 38.Rxb3 Rc2 39.Bd2 e5 40.Kd3  1/2-1/2

[Event "Troll Masters"]
[Site "Gausdal NOR"]
[Date "2003.01.12"]
[Round "7"]
[White "Svensen,T"]
[Black "Johansen,KR"]
[Result "1-0"]
[WhiteElo "2074"]
[BlackElo "2084"]

1.d4 d5 2.c4 e6 3.Nc3 Nf6 4.Nf3 c6 5.e3 Be7 6.Bd3 Nbd7 7.O-O O-O 8.Re1 b6
9.e4 dxe4 10.Nxe4 Bb7 11.Qe2 Re8 12.Bd2 c5 13.Neg5 cxd4 14.Nxf7 Bxf3 15.Qxe6 Bg4
16.Nh6+ Kh8 17.Qg8+ Nxg8 18.Nf7+  1-0

[Event "Bundesliga 2002-3"]
[Site "Hamburg GER"]
[Date "2003.01.12"]
[Round "9"]
[White "Epishin,V"]
[Black "Sadler,M"]
[Result "1-0"]
[WhiteElo "2626"]
[BlackElo "2624"]

1.d4 d5 2.c4 c6 3.Nf3 Nf6 4.Nc3 e6 5.e3 Nbd7 6.Be2 Bd6 7.O-O O-O 8.b3 dxc4
9.bxc4 e5 10.a4 Re8 11.Ba3 Bxa3 12.Rxa3 exd4 13.exd4 Nf8 14.Qc1 Ng6 15.Rd1 Qd6
16.h3 Bf5 17.Bf1 Rad8 18.Rb3 Qc7 19.Qb2 Rd7 20.Rc1 h6 21.a5 Nf4 22.a6 b6
23.Nd1 Ne6 24.Nc3 Nf4 25.Rd1 Rdd8 26.Ra3 Re7 27.Qc1 Ne6 28.Ne2 Be4 29.Re3 Red7
30.Nd2 Bg6 31.Nb3 Bh5 32.Qa1 Rd6 33.Rd2 Qd7 34.f3 Bg6 35.Qe1 Qc8 36.Ra2 Qc7
37.Qf2 Bh7 38.Qg3 Nh5 39.Qe5 Nf6 40.Qh2 Qd7 41.Qg3 b5 42.c5 Rd5 43.Qf2 Qc7
44.f4 Ne4 45.Qf3 f5 46.g4 Rf8 47.Bg2 fxg4 48.Qxg4 Bf5 49.Qh4 Nf6 50.Ra1 Qf7
51.Rf1 Rdd8 52.Na5 Nd5 53.Re5 Ne7 54.Qe1 Bd3 55.f5 Ng5 56.h4 Nh7 57.Rf3 Bxf5
58.Ng3  1-0

[Event "XXVIII"]
[Site "Seville ESP"]
[Date "2003.01.12"]
[Round "3"]
[White "Lin Ta"]
[Black "Korneev,O"]
[Result "1/2-1/2"]
[WhiteElo "2360"]
[BlackElo "2613"]

1.d4 d5 2.c4 e6 3.Nc3 c6 4.Nf3 Nf6 5.e3 Nbd7 6.Qc2 Bd6 7.Bd3 O-O 8.O-O dxc4
9.Bxc4 a6 10.e4 e5 11.dxe5 Nxe5 12.Nxe5 Bxe5 13.Ne2 Re8 14.f3 Qd6 15.g3 Bh3
16.Rf2 b5 17.Bb3 c5 18.a3 c4 19.Ba2 Rad8 20.Bf4 Qd3 21.Qc1 Nd7 22.Bb1 Qd6
23.Bc2 Qc5 24.Rb1 Bxf4 25.Nxf4 Be6 26.Kg2 Ne5 27.Re2 Rd6 28.Nxe6 fxe6 29.Qg5 h6
30.Qh5 Red8 31.f4 Rd2 32.Re1 Qe3 33.Bb1 Nd3 34.Kf1 Rxe2 35.Qxe2 Qd4 36.Rd1 e5
37.f5 Rd6 38.b3 Kf8 39.bxc4 bxc4 40.Ba2 Ke7 41.Rb1 c3 42.Bb3 g6 43.Kg2 Nc5
44.Bd5 Rxd5 45.exd5 gxf5 46.Rd1 Qe4+ 47.Qxe4 Nxe4 48.Kf3 Kd6 49.Ke2 h5 50.Ke3 Nc5
51.Rc1 f4+ 52.gxf4 exf4+ 53.Kf3 Na4 54.Ke4 Nc5+ 55.Kf3 Na4 56.Ke4 Nc5+  1/2-1/2

[Event "Troll Masters"]
[Site "Gausdal NOR"]
[Date "2003.01.13"]
[Round "8"]
[White "Leer Salvesen,B"]
[Black "Stokke,K"]
[Result "1-0"]
[WhiteElo "2329"]
[BlackElo "2136"]

1.c4 Nf6 2.Nf3 c6 3.e3 d5 4.d4 e6 5.Nc3 Nbd7 6.Bd3 dxc4 7.Bxc4 b5 8.Bd3 Bd6
9.O-O O-O 10.Re1 Bb7 11.e4 e5 12.d5 cxd5 13.Nxd5 Nxd5 14.exd5 a6 15.a4 f5
16.Ng5 Qa5 17.Bd2 b4 18.Bc4 Nb6 19.b3 h6 20.Ne6 Rf6 21.Be3 Rc8 22.Bxb6 Qxb6
23.a5 Qa7 24.Ra2 Kh7 25.Kh1 Qa8 26.f3 g6 27.Qd3 Re8 28.Rd2 Re7 29.Qe3 Rd7
30.Rdd1 Bb8 31.Qc5 Bd6 32.Qb6 Qc8 33.Rc1 Bc7 34.Qe3 Bxa5 35.Bb5 Qxc1 36.Rxc1 axb5
37.Nc5 Bb6 38.Nxd7 Bxe3 39.Nxf6+ Kg7 40.Rc7+ Kxf6 41.Rxb7 e4 42.fxe4 fxe4
43.d6 Bd4 44.Rxb5 e3 45.d7 Ke7 46.d8=Q+  1-0

[Event "Troll Masters"]
[Site "Gausdal NOR"]
[Date "2003.01.13"]
[Round "8"]
[White "Tallaksen,G"]
[Black "Poulsen,Ma"]
[Result "1-0"]
[WhiteElo "2258"]
[BlackElo "2244"]

1.d4 d5 2.c4 c6 3.Nc3 Nf6 4.e3 e6 5.Nf3 Nbd7 6.Bd3 dxc4 7.Bxc4 b5 8.Bd3 Bb7
9.e4 a6 10.e5 Nd5 11.a4 b4 12.Nxd5 cxd5 13.Bg5 Qb6 14.a5 Qa7 15.O-O Rc8 16.Rc1 Rxc1
17.Qxc1 h6 18.Bd2 Nb8 19.Qc7 Nc6 20.Rc1 Qa8 21.Bc2 Qb8 22.Qxb8+ Nxb8 23.Ba4+ Kd8
24.Ng5 hxg5 25.Bxg5+ Be7 26.Bxe7+ Kxe7 27.Rc7+ Kd8 28.Rxb7 Kc8 29.Rxf7 g5
30.g3 Kd8 31.Rb7 Kc8 32.Re7 Rh6 33.Rf7 Kd8 34.Rf6 Rxf6 35.exf6 Nd7 36.Bxd7 Kxd7
37.f4 gxf4 38.gxf4 Ke8 39.Kg2 Kf7 40.Kg3 Kg6 41.Kg4 Kxf6 42.b3 Kg6 43.h4 Kg7
44.Kg5 Kf7 45.h5 Kg7 46.h6+ Kf7 47.h7 Kg7 48.h8=B+  1-0

[Event "XXVIII"]
[Site "Seville ESP"]
[Date "2003.01.13"]
[Round "4"]
[White "Mirzoev,A"]
[Black "Saldano,H"]
[Result "1-0"]
[WhiteElo "2533"]
[BlackElo "2442"]

1.Nf3 Nf6 2.c4 c6 3.Nc3 d5 4.e3 e6 5.d4 Nbd7 6.Qc2 Be7 7.Bd3 O-O 8.O-O b6
9.e4 dxe4 10.Nxe4 c5 11.Rd1 Bb7 12.Nxf6+ Nxf6 13.dxc5 Qc8 14.cxb6 Bxf3 15.gxf3 axb6
16.Be3 Ra5 17.Qb3 Rh5 18.Bf1 Qc7 19.h3 Bc5 20.Rd2 Nd7 21.f4 e5 22.Rad1 Nf6
23.Bxc5 Qxc5 24.fxe5 Rg5+ 25.Bg2 Rxe5 26.Qd3 Rg5 27.Qe3 Qf5 28.f4 Rh5 29.Rd8 g6
30.Qxb6 Ne8 31.Qf2 g5  1-0

[Event "Troll Masters"]
[Site "Gausdal NOR"]
[Date "2003.01.15"]
[Round "10"]
[White "Johansen,P"]
[Black "Glenne,BE"]
[Result "1/2-1/2"]
[WhiteElo "2239"]
[BlackElo "2203"]

1.Nf3 d5 2.c4 c6 3.e3 Nf6 4.d4 e6 5.Nc3 Nbd7 6.Qc2 Be7 7.b3 O-O 8.Bd3 b6
9.O-O Bb7 10.cxd5 cxd5 11.Ne5  1/2-1/2

[Event "Troll Masters"]
[Site "Gausdal NOR"]
[Date "2003.01.15"]
[Round "10"]
[White "Lugovoi,A"]
[Black "Kallio,H"]
[Result "1-0"]
[WhiteElo "2540"]
[BlackElo "2474"]

1.d4 d5 2.c4 c6 3.Nf3 Nf6 4.Nc3 e6 5.e3 Nbd7 6.Bd3 dxc4 7.Bxc4 b5 8.Bd3 a6
9.e4 c5 10.e5 cxd4 11.Nxb5 Nxe5 12.Nxe5 axb5 13.Bxb5+ Bd7 14.Nxd7 Qa5+ 15.Bd2 Qxb5
16.Nxf8 Rxf8 17.b3 Kd7 18.a4 Qd3 19.h4 Nd5 20.Rh3 Qe4+ 21.Kf1 e5 22.b4 f5
23.Qb3 f4 24.Re1 Ne3+ 25.fxe3 fxe3+ 26.Kg1 Ra6 27.Rg3 Rg6 28.Rxg6 hxg6 29.Bxe3 dxe3
30.Qxe3 Qxe3+ 31.Rxe3 Rf4 32.Rb3 Kc6 33.g3 Rd4 34.b5+ Kb6 35.a5+ Kxa5 36.b6 Rd8
37.b7 Rb8 38.Kf2 Ka6 39.Ke3 Rxb7 40.Rxb7 Kxb7 41.Ke4 Kc6 42.Kxe5 Kd7 43.Kf4 Ke6
44.Kg5 Kf7 45.g4  1-0

[Event "ch-IND"]
[Site "Mumbai IND"]
[Date "2003.01.18"]
[Round "1"]
[White "Harikrishna,P"]
[Black "Suvrajit,S"]
[Result "1-0"]
[WhiteElo "2539"]
[BlackElo "2390"]

1.c4 c6 2.d4 d5 3.Nc3 Nf6 4.e3 e6 5.Nf3 Nbd7 6.Bd3 Bd6 7.e4 dxe4 8.Nxe4 Nxe4
9.Bxe4 Bb4+ 10.Bd2 Bxd2+ 11.Qxd2 Nf6 12.Bc2 b6 13.O-O-O Bb7 14.Ne5 Qc7 15.Qg5 Rg8
16.Qe3 O-O-O 17.Rhe1 h6 18.g4 Rgf8 19.f4 Kb8 20.g5 hxg5 21.fxg5 Nd7 22.h4 Nxe5
23.dxe5 g6 24.Qf4 Rxd1+ 25.Rxd1 Qe7 26.Rd6 c5 27.Ba4 Bc8 28.a3 Rd8 29.b4 cxb4
30.axb4 Qc7 31.Qd4 Rh8 32.Kb2 Qe7 33.Kc3 Qc7 34.Bb5 Qb7 35.Bc6 Qc7 36.Bg2 Ba6
37.Kb3 Rc8 38.Bc6 Bb7 39.Bb5 a6 40.Rd7 axb5 41.Rxc7 Rxc7 42.Qd8+ Rc8 43.Qd6+ Ka7
44.Qd4 Ka6 45.Qd6 Ka7 46.Qxb6+ Ka8 47.Qc6  1-0

[Event "ch-IND"]
[Site "Mumbai IND"]
[Date "2003.01.18"]
[Round "2"]
[White "Prakash,G"]
[Black "Arvind,S"]
[Result "0-1"]
[WhiteElo "2439"]
[BlackElo "2330"]

1.d4 Nf6 2.c4 e6 3.Nf3 d5 4.Nc3 c6 5.e3 Nbd7 6.Qc2 Bd6 7.Bd3 O-O 8.O-O dxc4
9.Bxc4 b5 10.Be2 Bb7 11.Rd1 Qb8 12.Bd2 a6 13.Ne4 Nxe4 14.Qxe4 c5 15.Qh4 e5
16.Bd3 f5 17.Ng5 h6 18.Ne6 Rf6 19.Nxc5 Nxc5 20.dxc5 Bxc5 21.Bb4 g5 22.Qh3 Bxb4
23.Bxf5 Bd6 24.Rd2 Bc8 25.e4 Bxf5 26.exf5 Qb6 27.Rad1 Raf8 28.g4 Bc5 29.Rd7 Bxf2+
30.Kf1 Bd4 31.Qb3+ Kh8 32.Qb4 Qc6  0-1

[Event "XXVIII"]
[Site "Seville ESP"]
[Date "2003.01.18"]
[Round "9"]
[White "Pogorelov,R"]
[Black "Korneev,O"]
[Result "1/2-1/2"]
[WhiteElo "2517"]
[BlackElo "2613"]

1.Nf3 d5 2.d4 Nf6 3.c4 e6 4.Nc3 c6 5.e3 Nbd7 6.Bd3 dxc4 7.Bxc4 b5 8.Bd3 b4
9.Ne4 Bb7 10.O-O Be7 11.a3 a5 12.Nxf6+ Nxf6 13.e4 O-O 14.Qe2 Nd7 15.Rd1 Qc7
16.Be3 Rfd8 17.axb4 axb4 18.Rac1 c5 19.Bb1 Ba6 20.Qc2 c4 21.e5 Nf8 22.Bg5 h6
23.Be3 Rdc8 24.Qe4 Bb7 25.Qg4 Kh8 26.Qh5 Kg8 27.Bxh6 gxh6 28.Qxh6 Ng6 29.Bxg6 fxg6
30.Qxg6+ Kf8 31.Qxe6 Bxf3 32.Qf5+ Ke8 33.Qxf3 c3 34.bxc3 bxc3 35.Qh5+ Kd8
36.d5 c2 37.Re1 Ra4 38.h4 Ba3 39.g3 Qc3 40.Qg5+ Kc7 41.d6+ Kb8 42.d7 Bxc1
43.dxc8=Q+ Kxc8 44.Qg8+ Kc7 45.Qf7+ Kb6 46.Qe6+ Kc7 47.Qe7+ Kc8 48.Qe8+ Kc7
49.Qf7+ Kb6 50.Qe6+ Kc7 51.Qe7+  1/2-1/2

[Event "Brasil BCX"]
[Site "Brasilia BRA"]
[Date "2003.01.19"]
[Round "6"]
[White "Lima,Da"]
[Black "Matsuura,E"]
[Result "0-1"]
[WhiteElo "2521"]
[BlackElo "2438"]

1.c4 c6 2.d4 d5 3.Nf3 Nf6 4.Nc3 e6 5.e3 Nbd7 6.Bd3 dxc4 7.Bxc4 b5 8.Bd3 a6
9.e4 c5 10.e5 cxd4 11.Nxb5 Nxe5 12.Nxe5 axb5 13.Bxb5+ Bd7 14.Nxd7 Qa5+ 15.Bd2 Qxb5
16.Nxf8 Rxf8 17.a4 Qc4 18.a5 Nd5 19.Ra4 Qd3 20.h4 Kd7 21.Rh3 Qe4+ 22.Kf1 e5
23.Ra1 Rfc8 24.Qa4+ Kd6 25.Qa3+ Ke6 26.Re1 Qc2 27.Rd3 Rc4 28.Qb3 Qxb3 29.Rxb3 Rc2
30.Re2 f5 31.Ke1 e4 32.Kd1 Rc4 33.Re1 Kd6 34.g4 g6 35.gxf5 gxf5 36.Rg1 Rac8
37.Rg7 Ra4 38.Ra3 Rxa3 39.bxa3 e3 40.fxe3 dxe3 41.Be1 Ke5 42.a6 f4 43.a7 f3
44.Rf7 Ke4 45.Bg3 Nc3+ 46.Ke1 Ne2 47.Re7+ Kd3 48.Rd7+ Nd4 49.Kf1 Rc1+  0-1

[Event "GMA"]
[Site "Wijk aan Zee NED"]
[Date "2003.01.24"]
[Round "11"]
[White "Radjabov,T"]
[Black "Shirov,A"]
[Result "1/2-1/2"]
[WhiteElo "2624"]
[BlackElo "2723"]

1.d4 d5 2.c4 c6 3.Nc3 Nf6 4.e3 e6 5.Nf3 Nbd7 6.Bd3 dxc4 7.Bxc4 b5 8.Bd3 Bb7
9.e4 b4 10.Na4 c5 11.e5 Nd5 12.O-O cxd4 13.Nxd4 Nxe5 14.Bb5+ Nd7 15.Qh5 Nf6
16.Nxe6 Nxh5 17.Nxd8 Rxd8 18.Re1+ Be7 19.Nc5 Bc8 20.Bg5 Nf6 21.Rad1 a6 22.Ba4 h6
23.Bxf6 gxf6 24.Nxd7 Bxd7 25.Rxd7 Rxd7 26.Rd1 O-O 27.Rxd7 Rc8 28.g3 Kf8 29.Bb3 Rd8
30.Ra7 Rd2 31.Rxa6 Rxb2 32.Ra7 Rd2 33.Rc7 Rd3 34.Kg2 Rd8 35.Kf3 Ra8 36.Kg4 Ra5
37.f4 Rb5 38.Rd7 Rc5 39.Rb7 Ra5 40.Kh4 Rf5 41.Rb8+ Kg7 42.Re8 Bf8 43.Rd8 Be7
44.Rd7 Kf8 45.Kg4 Rc5 46.Rb7 Ra5 47.Bc4 h5+ 48.Kh4 Rf5 49.Bb3 Ra5 50.Rd7 Rb5
51.Ra7 Rc5 52.Ra8+ Kg7 53.Re8 Bd6 54.Re4 Rc8 55.Rd4 Rd8 56.Rd5 Be7 57.Ra5 Rd2
58.Kh3 Kg6 59.Rd5  1/2-1/2

[Event "ch-IND"]
[Site "Mumbai IND"]
[Date "2003.01.26"]
[Round "13"]
[White "Prakash,G"]
[Black "Suvrajit,S"]
[Result "1/2-1/2"]
[WhiteElo "2439"]
[BlackElo "2390"]

1.d4 d5 2.c4 c6 3.Nc3 Nf6 4.e3 e6 5.Nf3 Nbd7 6.Qc2 Bd6 7.b3 O-O 8.Be2 dxc4
9.bxc4 e5 10.O-O Re8 11.Rd1 exd4 12.exd4 Nf8 13.Rb1 Rb8 14.h3 Bd7 15.Be3 Qc8
16.d5 Bf5 17.Bd3 Bxh3 18.dxc6 bxc6 19.gxh3 Rxb1 20.Nxb1 Qxh3 21.Bf1 Qxf3
22.Bg2 Qh5 23.Rxd6 Ng4 24.Qd2 Qh2+ 25.Kf1 Rxe3 26.fxe3 Qg3 27.Rd8 Nh2+ 28.Ke2 Qxg2+
29.Kd1 Qg4+ 30.Kc2 Qe4+ 31.Qd3 Qxd3+ 32.Kxd3 g5 33.Nc3 f5 34.Ra8 h5 35.Rxa7 g4
36.Ra5 h4 37.Rxf5 g3 38.Ne2 Ne6 39.Ke4 g2 40.Rh5 h3 41.Ke5 Nf3+ 42.Kxe6 h2
43.Rxh2 Nxh2 44.a4 Nf1 45.c5 Nxe3 46.Kd6 Nd5 47.a5 Nb4 48.Kc7 Kf7 49.Kb6 Kf6
50.a6 Nxa6 51.Kxa6 Ke5 52.Kb6 Ke4 53.Kxc6 Ke3 54.Ng1 Kf2 55.Nh3+ Kg3 56.Ng1 Kf2  1/2-1/2

[Event "ch-IND"]
[Site "Mumbai IND"]
[Date "2003.01.26"]
[Round "14"]
[White "Harikrishna,P"]
[Black "Ramesh,R"]
[Result "1-0"]
[WhiteElo "2539"]
[BlackElo "2472"]

1.d4 d5 2.c4 c6 3.Nc3 Nf6 4.e3 e6 5.Nf3 Nbd7 6.Bd3 dxc4 7.Bxc4 b5 8.Be2 Bb7
9.O-O a6 10.e4 c5 11.e5 Nd5 12.a4 b4 13.Bg5 Qc7 14.Nxd5 Bxd5 15.Rc1 Qb7 16.a5 h6
17.Be3 cxd4 18.Qxd4 Be7 19.Qg4 g6 20.Rfd1 Kf8 21.Ne1 Nxe5 22.Qg3 Nc6 23.Bf3 Rd8
24.Bb6 Bxf3 25.Rxd8+ Nxd8 26.Nxf3 Kg7 27.Bd4+ f6 28.Rc7 Qe4 29.Rxe7+ Kf8
30.h3  1-0

[Event "ch-IND"]
[Site "Mumbai IND"]
[Date "2003.01.27"]
[Round "15"]
[White "Suvrajit,S"]
[Black "Sriram,J"]
[Result "1/2-1/2"]
[WhiteElo "2390"]
[BlackElo "2448"]

1.d4 d5 2.c4 c6 3.Nf3 Nf6 4.e3 e6 5.Nc3 Nbd7 6.Bd3 dxc4 7.Bxc4 b5 8.Bd3 Bb7
9.e4 b4 10.Na4 c5 11.e5 Nd5 12.O-O cxd4 13.Re1 Be7 14.Nxd4 O-O 15.Qg4 Re8
16.Bb5 Kh8 17.Nc6 Bxc6 18.Bxc6 Rc8 19.Bb5 Rb8 20.Qe2 Qc7 21.Bd2 Red8 22.Bd3 Nf8
23.Rad1 Ng6 24.g3 Qa5 25.Bc2 Kg8 26.h4 Rbc8 27.Bb3 Bf8 28.Qe4 Nge7 29.h5 g6
30.hxg6 Nxg6 31.Kg2 Qb5 32.Bg5 Be7 33.Bh6 a5 34.Rd4 Nc7 35.Rxd8+ Rxd8 36.Be3 Nd5
37.Bd4 Bf8 38.Rc1 Qd7 39.Rc4 Qe7 40.Nc5 Qg5 41.Nd3 Qd2 42.Kf1 Nde7 43.Rc2 Qd1+
44.Kg2 Qh5 45.Bb6 Rb8 46.Bxa5 Nf5 47.Bc7 Rc8 48.Bb6 Rb8 49.Bc5 Bxc5 50.Rxc5 Qg5
51.Ra5 h5 52.Ra8 Rxa8 53.Qxa8+ Kg7 54.Qe4 Qd2 55.Nxb4 h4 56.gxh4 Nf4+ 57.Kf3 Nxh4+
58.Kg4 Nhg6 59.Kf3 Qxb2 60.Nc2 Qc3+ 61.Ne3 Qc1 62.Nd1 Nh3 63.Kg3 Qg5+ 64.Qg4 Qxg4+
65.Kxg4 Ng1 66.Nc3 Nxe5+ 67.Kg3 Ngf3 68.Kf4 f6 69.Bxe6 Nd4 70.Bd5 Kf8 71.Ke4 Nc2
72.Bb3 Nb4 73.Nd5 Nxd5 74.Kxd5 Ke7 75.a4 Kd7 76.Bc4 Ng4 77.Bb5+ Kc7 78.f3 Ne5
79.Ke4 Ng6 80.Be2 Nh4 81.Kf4 Kb6 82.Kg4 Ng6 83.Kf5 Nh4+ 84.Ke4 Ka5 85.Bb5 Ng6
86.f4 Ne7 87.Be8 Kb6 88.Kd4 Ka5 89.Kc5 Nf5 90.Kd5 Ng7 91.Bb5 Nh5 92.f5 Ng7
93.Ke4 Kb4 94.Bd7 Ka5  1/2-1/2

[Event "Open"]
[Site "Auckland AUS"]
[Date "2003.01.28"]
[Round "4"]
[White "Jones,L"]
[Black "Safarian,A"]
[Result "1-0"]
[WhiteElo "2216"]
[BlackElo "2058"]

1.c4 e6 2.Nf3 d5 3.d4 c6 4.e3 Nf6 5.Nc3 Nbd7 6.Qc2 dxc4 7.Bxc4 b5 8.Bd3 a6
9.a4 Bb7 10.O-O Bd6 11.e4 e5 12.d5 Rc8 13.dxc6 Bxc6 14.axb5 axb5 15.Qe2 b4
16.Nb5 Bxb5 17.Bxb5 O-O 18.Bg5 Qb6 19.Ra6 Qc7 20.Nh4 g6 21.Rd1 Bc5 22.Rc6 Qb8
23.Rxf6 Nxf6 24.Bxf6 Qb6 25.Bxe5 Rfd8 26.Rf1 Qe6 27.Nf3 g5 28.h3 h5 29.Ba6 Ra8
30.Bc4 Qe7 31.Bg3 Rac8 32.Ne5 Bd4 33.Bxf7+ Kg7 34.Qxh5 Rd6 35.Ng4 Ra6 36.Ne3 Qxf7
37.Nf5+ Kf6 38.e5+ Bxe5 39.Bxe5+ Ke6 40.Nd4+ Ke7 41.Qxg5+ Kf8 42.Qf5 Qxf5
43.Nxf5 Ra5 44.f4 Rc2 45.Nd4 Rc4 46.b3 Rc8 47.Bd6+  1-0

[Event "ch-IND"]
[Site "Mumbai IND"]
[Date "2003.01.28"]
[Round "16"]
[White "Sundararajan,K"]
[Black "Barua,D"]
[Result "1/2-1/2"]
[WhiteElo "2416"]
[BlackElo "2541"]

1.d4 d5 2.c4 e6 3.Nc3 c6 4.e3 Nf6 5.Nf3 Nbd7 6.Bd3 Bd6 7.e4 dxe4 8.Nxe4 Nxe4
9.Bxe4 h6 10.O-O O-O 11.Bc2 e5 12.Qd3 f5 13.c5 Bc7 14.dxe5 Nxe5 15.Qb3+ Kh8
16.Re1 Qf6 17.Bf4 Nxf3+ 18.Qxf3 Bxf4 19.Qxf4 Be6 20.Re5 Rad8 21.Rae1 Bc8
22.h4 a5 23.Bb3 Bd7 24.Re6 Rde8 25.Rxe8 Rxe8 26.Rxe8+ Bxe8 27.Qc4 Qf8 28.Qe6 Bh5
29.Qd6 Qe8 30.Qe6 Qf8 31.Qe5 Bg6 32.f4 Kh7 33.Bc2 h5 34.Kf2 Qd8 35.Kg3 Qf8
36.Qd6 Qe8 37.Kf2 Kh8 38.Bd3  1/2-1/2

[Event "Gibraltar Masters"]
[Site "Catalan Bay ENG"]
[Date "2003.01.29"]
[Round "2"]
[White "Lalic,B"]
[Black "Pavlovic,Mi"]
[Result "1/2-1/2"]
[WhiteElo "2547"]
[BlackElo "2560"]

1.d4 d5 2.c4 c6 3.e3 Nf6 4.Nc3 e6 5.Nf3 Nbd7 6.Qc2 Bd6 7.Bd3 O-O 8.O-O dxc4
9.Bxc4 Qe7 10.a3 Rd8 11.h3  1/2-1/2

[Event "GMA"]
[Site "Bermuda BER"]
[Date "2003.01.30"]
[Round "6"]
[White "Shabalov,A"]
[Black "Al Modiahki,M"]
[Result "1-0"]
[WhiteElo "2613"]
[BlackElo "2571"]

1.d4 d5 2.c4 c6 3.Nc3 Nf6 4.e3 e6 5.Nf3 Nbd7 6.Bd3 dxc4 7.Bxc4 b5 8.Bd3 Bb7
9.O-O a6 10.e4 c5 11.d5 Qc7 12.dxe6 fxe6 13.Bc2 Bd6 14.Ng5 Nf8 15.f4 O-O-O
16.Qe2 h6 17.Nf3 Bxf4 18.e5 Bxf3 19.Rxf3 Bxe5 20.a4 Ng4 21.g3 Bd4+ 22.Kg2 Qe5
23.Be4 Bxc3 24.Rxc3 Rd4 25.Bf3 Qxe2+ 26.Bxe2 bxa4 27.h3 Nf6 28.Be3 Kd7 29.Bxd4 cxd4
30.Rc5 Kd6 31.Ra5 N8d7 32.R5xa4 e5 33.Rxa6+ Ke7 34.Bc4 Rb8 35.Re6+ Kd8 36.b3 Rb7
37.g4 Ne4 38.Bd5 Nec5 39.Ra8+ Rb8 40.Rxb8+ Nxb8 41.Rxe5 Nbd7 42.Rf5 Nf6 43.Bc4 Nce4
44.Bd3  1-0

[Event "ch-IND"]
[Site "Mumbai IND"]
[Date "2003.01.30"]
[Round "20"]
[White "Harikrishna,P"]
[Black "Barua,D"]
[Result "1/2-1/2"]
[WhiteElo "2539"]
[BlackElo "2541"]

1.d4 d5 2.c4 e6 3.Nc3 Nf6 4.Nf3 c6 5.e3 Nbd7 6.Bd3 Bd6 7.e4 dxe4 8.Nxe4 Nxe4
9.Bxe4 h6 10.O-O O-O 11.Bc2  1/2-1/2

[Event "Open"]
[Site "Auckland AUS"]
[Date "2003.01.31"]
[Round "9"]
[White "Jones,L"]
[Black "Green,P"]
[Result "1/2-1/2"]
[WhiteElo "2216"]
[BlackElo "2246"]

1.d4 d5 2.c4 c6 3.e3 Nf6 4.Nf3 e6 5.Nc3 Nbd7 6.Qc2 Bd6 7.Be2 O-O 8.O-O b6
9.b3 Bb7 10.Bb2 Rc8 11.Rad1 Qe7 12.Qb1 Rfe8 13.Rfe1 Bb4 14.Nd2 a6 15.a4 Qf8
16.Qa1 c5 17.Na2 Ba5 18.Rf1 Qe7 19.Bf3 Ba8 20.Nc1  1/2-1/2